Kooperativnyje igry i rynki /

Salvato in:
Dettagli Bibliografici
Autore principale: Rosenmüller, J (Autore)
Altri autori: Boroblevoj, O.N (Traduttore)
Natura: Libro
Lingua:russo
Pubblicazione: Moskva : Mir, 1974
Tags: Aggiungi Tag
Nessun Tag, puoi essere il primo ad aggiungerne!!

MARC

LEADER 00000nam a22000003a 4500
001 stu41439
005 20150617225719.2
008 931126s1974----xxr-----------------rus-d
040 |a STU  |b slo 
041 0 |a rus 
044 |a xxr 
100 1 |a Rosenmüller, J  |4 aut 
245 1 |a Kooperativnyje igry i rynki /  |c [aut.]J. Rosenmüller; Z nem. O.N. Boroblevoj 
260 |a Moskva :  |b Mir,  |c 1974 
300 |a 165 s 
700 1 |a Boroblevoj, O.N  |4 trl 
996 |b 284M012618  |c M*5827-1  |l MMKN  |s A  |a 24  |w stu41439_0001